UBT Library

An introduction to linear regression and correlation (Record no. 47084)

000 -LEADER
fixed length control field 00558pam a2200217 a 4500
001 - CONTROL NUMBER
control field 2824192
005 - DATE AND TIME OF LATEST TRANSACTION
control field 20180814042235.0
008 - FIXED-LENGTH DATA ELEMENTS--GENERAL INFORMATION
fixed length control field 831108s1984 nyua 001 0 eng
010 ## - LIBRARY OF CONGRESS CONTROL NUMBER
LC control number 83020777
020 ## - INTERNATIONAL STANDARD BOOK NUMBER
International Standard Book Number 0716715937
020 ## - INTERNATIONAL STANDARD BOOK NUMBER
International Standard Book Number 0716715945 (pbk.)
040 ## - CATALOGING SOURCE
Original cataloging agency DLC
Transcribing agency DLC
Modifying agency DLC
041 ## - LANGUAGE CODE
Language code of text/sound track or separate title eng
080 ## - UNIVERSAL DECIMAL CLASSIFICATION NUMBER
Universal Decimal Classification number 519.536
082 00 - DEWEY DECIMAL CLASSIFICATION NUMBER
Classification number 519.536
Edition number 19
100 1# - Rafti
Rafti 49
101 ## - Shkurtesa
Shkurtesa PSI
245 13 - TITLE STATEMENT
Title An introduction to linear regression and correlation
Statement of responsibility, etc Allen L. Edwards.
906 ## - LOCAL DATA ELEMENT F, LDF (RLIN)
a 7
b cbc
c orignew
d 1
e ocip
f 19
g y-gencatlg
942 ## - ADDED ENTRY ELEMENTS (KOHA)
Source of classification or shelving scheme
Item type Books
Holdings
Withdrawn status Lost status Source of classification or shelving scheme Damaged status Not for loan Collection code Permanent location Current location Shelving location Date acquired Total Checkouts Full call number Barcode Date last seen Price effective from Koha item type
          Koleksioni i përgjithshem UBT - Lipjan UBT - Lipjan Koleksioni i përgjithshem 08/14/2018   519.536 ALE 002-3010877 08/14/2018 08/14/2018 Books
UBT Library © 2015-2024. All rights reserved University Education for Business and Technology